000 01133aam a2200361 i 4500
001 768714001
003 CO-MdFUSB
005 20250514100405.0
007 ta
008 160802b2006 sp ||||| |||| 00| 0 spa d
020 _a9788429316483
040 _cCO-MdFUSB
_aEspañol
_bCO-MdFUSB
_dCO-MdFUSB
041 _aspa
_heng
082 _224
_a248
_bM575
100 1 _aMerton, Thomas
_eautor
240 _aLife and Holiness
245 1 0 _aVida y santidad
_c/ Thomas Merton ; traducido por Josep Vallverdú i Aixalá
264 1 _aEspaña
_b: Sal Terrae,
_c[2006]
264 4 _c©2006
300 _a143 páginas
336 _2rdacontent
_atexto
_btxt
337 _2rdamedia
_asin mediación
_bn
338 _2rdacarrier
_avolumen
_bnc
490 _aEl pozo de Siquem
505 _aLos ideales cristianos -- Los ideales, puestos a prueba -- Cristo, el camino -- La vida de fe -- Creer en Cristo
563 _aRústico
650 0 _919
_aVida cristiana
650 0 _aVida espiritual
_951
700 _aVallverdú, Josep,
_911476
_etraductor
942 _cBK
945 _aElías Tolentino
999 _c45024
_d45024